|
|
|
|
| LEADER |
01668nam a2200373 i 4500 |
| 001 |
EBC5219647 |
| 003 |
MiAaPQ |
| 005 |
20200520144314.0 |
| 006 |
m o d | |
| 007 |
cr cnu|||||||| |
| 008 |
180528s2010 gw o 000 0 ger d |
| 020 |
|
|
|z 9783832525989
|
| 020 |
|
|
|a 9783832599539 (e-book)
|
| 035 |
|
|
|a (MiAaPQ)EBC5219647
|
| 035 |
|
|
|a (Au-PeEL)EBL5219647
|
| 035 |
|
|
|a (CaPaEBR)ebr11539495
|
| 035 |
|
|
|a (OCoLC)1021806423
|
| 040 |
|
|
|a MiAaPQ
|b eng
|e rda
|e pn
|c MiAaPQ
|d MiAaPQ
|
| 050 |
|
4 |
|a RA418
|b .R549 2010
|
| 082 |
0 |
|
|a 362.1
|2 23
|
| 100 |
1 |
|
|a Riewe, Kai,
|e author.
|
| 245 |
1 |
0 |
|a Interdependenz wirtschaftlicher und gesellschaftlicher Transformation :
|b das okonomische Potential sozialen Kapitals am Beispiel der Russischen Foderation /
|c Kai Riewe.
|
| 264 |
|
1 |
|a Berlin :
|b Logos Verlag,
|c 2010.
|
| 300 |
|
|
|a 1 online resource (vii, 264 pages)
|
| 336 |
|
|
|a text
|b txt
|2 rdacontent
|
| 337 |
|
|
|a computer
|b c
|2 rdamedia
|
| 338 |
|
|
|a online resource
|b cr
|2 rdacarrier
|
| 588 |
|
|
|a Description based on print version record.
|
| 590 |
|
|
|a Electronic reproduction. Ann Arbor, MI : ProQuest, 2018. Available via World Wide Web. Access may be limited to ProQuest affiliated libraries.
|
| 650 |
|
0 |
|a Socioeconomic Factors.
|
| 655 |
|
4 |
|a Electronic books.
|
| 776 |
0 |
8 |
|i Print version:
|a Riewe, Kai.
|t Interdependenz wirtschaftlicher und gesellschaftlicher Transformation : das okonomische Potential sozialen Kapitals am Beispiel der Russischen Foderation.
|d Berlin : Logos Verlag, 2010
|h vii, 264 pages
|z 9783832525989
|
| 797 |
2 |
|
|a ProQuest (Firm)
|
| 856 |
4 |
0 |
|u https://ebookcentral.proquest.com/lib/matrademy/detail.action?docID=5219647
|z Click to View
|